000 00707nam a2200217 a 4500
001 000039152
005 20240412074259.0
008 130528s2013 dr r 000 p spa d
020 _a9789945429510
040 _aDO-SdBNP
_bspa
_cBNPHU
082 _aRD861.44
_bR696s
100 1 _aRodríguez Soriano, René,
_d1950-
_9232
245 1 0 _aSolo de flauta /
_cRené Rodríguez Soriano.
260 _aSanto Domingo :
_bAfaguara,
_c2013.
300 _a163 p. ;
_c23 cm.
500 _aIncluye datos biográficos del autor en la solapa de la cubierta
590 _aInventariado, 2018/BT
650 0 _aPoesía dominicana
_966
650 0 _aLiteratura dominicana.
_967
910 _aValidado. Control de calidad. MFF
999 _c38642
_d38642